000 00349nam a2200145 i 4500
001 bg
100 1 _aMACKE, W.
245 0 _aQuanten ein Lehrbuch der Theoretischen Physik Durchgesehene /
_cW. Macke.
250 _aAufl.3.
260 _aLipsk,
_c1965.
040 _cBPK
041 _apol
942 _cKS
008 s pl f |000 0 pol
999 _c8575
_d8575
856 _uhttp://koha.tu.koszalin.pl/cgi-bin/koha/opac-detail.pl?biblionumber=8575
_yKatalog online BPK